00589nam a2200193Ia 4500003000900000008004100009020001800050040001600068080002000084100001600104245010300120260004800223300001400271650001900285650002100304650002700325650002200352650002100374IN-BaIIA211028s9999 xx 000 0 eng d a0-521-78093-4 cIIA Library a(031)523.9bLAN aLang, K. R. 4aThe Cambridge encyclopedia of the suncK. R. Lang  aCambridgebCambridge University Pressc2001 axi, 256p. aInside the Sun aSun-Encyclopedia aThe Solar chromosphere aThe Sun as a star aThe Sun's domain